000 00486nam a2200193Ia 4500
005 20260429112201.0
008 260429s9999||||xx |||||||||||||| ||und||
020 _a9783662706015
041 _aEnglish
082 _a514
_bLAU
100 _aLaures, Gerd
245 0 _aBasic course in topology /
_cGerd Laures
250 _a1st ed.
260 _aSwitzerland :
_bBirkhauser,
_c2025.
300 _axii, 245 p.; pbk
650 _aTopology
700 _a Szymik, Markus
942 _cTB
999 _c52778
_d52778